<?xml version="1.0" encoding="UTF-8"?>
<record
    xmlns:xsi="http://www.w3.org/2001/XMLSchema-instance"
    xsi:schemaLocation="http://www.loc.gov/MARC21/slim http://www.loc.gov/standards/marcxml/schema/MARC21slim.xsd"
    xmlns="http://www.loc.gov/MARC21/slim">

  <leader>03631nam a2200565Ia 4500</leader>
  <controlfield tag="001">198</controlfield>
  <controlfield tag="008">241029s9999    xx            000 0 und d</controlfield>
  <datafield tag="010" ind1=" " ind2=" ">
    <subfield code="a">174</subfield>
  </datafield>
  <datafield tag="041" ind1=" " ind2=" ">
    <subfield code="a">Espa&#xF1;ol</subfield>
  </datafield>
  <datafield tag="082" ind1=" " ind2=" ">
    <subfield code="a">ISFODOSU IMGC 12-0014 BFEM EJ.1</subfield>
  </datafield>
  <datafield tag="245" ind1=" " ind2="0">
    <subfield code="a">Estilo de gesti&#xF3;n y rendimiento acad&#xE9;mico en los Centros Inmaculada F&#xE9; y Alegr&#xED;a y la Escuela Profesor Juan Bosch. Estudio comparativo de dos Centros de Educaci&#xF3;n B&#xE1;sica del Distrito 10-06, Mendoza, durante el a&#xF1;o escolar 2010-2011.</subfield>
  </datafield>
  <datafield tag="260" ind1=" " ind2=" ">
    <subfield code="a">Santo Domingo</subfield>
  </datafield>
  <datafield tag="300" ind1=" " ind2=" ">
    <subfield code="a">92</subfield>
  </datafield>
  <datafield tag="520" ind1=" " ind2=" ">
    <subfield code="a">9</subfield>
  </datafield>
  <datafield tag="630" ind1=" " ind2=" ">
    <subfield code="a">Centros Educativos</subfield>
  </datafield>
  <datafield tag="630" ind1=" " ind2=" ">
    <subfield code="a">Integraci&#xF3;n Familiar</subfield>
  </datafield>
  <datafield tag="630" ind1=" " ind2=" ">
    <subfield code="a">Modelo de Gesti&#xF3;n</subfield>
  </datafield>
  <datafield tag="630" ind1=" " ind2=" ">
    <subfield code="a">Rendimiento Escolar</subfield>
  </datafield>
  <datafield tag="650" ind1=" " ind2=" ">
    <subfield code="a">Gesti&#xF3;n Educativa</subfield>
  </datafield>
  <datafield tag="690" ind1=" " ind2=" ">
    <subfield code="a">Elaborado</subfield>
  </datafield>
  <datafield tag="700" ind1=" " ind2=" ">
    <subfield code="e">asesor</subfield>
    <subfield code="a">Contreras , Jos&#xE9; A.</subfield>
  </datafield>
  <datafield tag="700" ind1=" " ind2=" ">
    <subfield code="e">autor</subfield>
    <subfield code="a">Medina P&#xE9;rez, Annoris</subfield>
  </datafield>
  <datafield tag="700" ind1=" " ind2=" ">
    <subfield code="e">autor</subfield>
    <subfield code="a">Mesa Lebr&#xF3;n , Saida Meri </subfield>
  </datafield>
  <datafield tag="901" ind1=" " ind2=" ">
    <subfield code="a">{"1":"Medina P&#xE9;rez","2":"Mesa Lebr&#xF3;n "}</subfield>
    <subfield code="b">{"1":"Annoris","2":"Saida Meri "}</subfield>
  </datafield>
  <datafield tag="902" ind1=" " ind2=" ">
    <subfield code="a">1</subfield>
  </datafield>
  <datafield tag="903" ind1=" " ind2=" ">
    <subfield code="a">{"1":"Contreras "}</subfield>
    <subfield code="b">{"1":"Jos&#xE9; A."}</subfield>
  </datafield>
  <datafield tag="904" ind1=" " ind2=" ">
    <subfield code="a">Mag&#xED;ster en</subfield>
  </datafield>
  <datafield tag="905" ind1=" " ind2=" ">
    <subfield code="a">Gesti&#xF3;n de Centros Educativos</subfield>
  </datafield>
  <datafield tag="906" ind1=" " ind2=" ">
    <subfield code="a">2</subfield>
  </datafield>
  <datafield tag="907" ind1=" " ind2=" ">
    <subfield code="a">NO APLICA</subfield>
  </datafield>
  <datafield tag="908" ind1=" " ind2=" ">
    <subfield code="a">NO APLICA</subfield>
  </datafield>
  <datafield tag="909" ind1=" " ind2=" ">
    <subfield code="a">ISFODOSU, Recinto F&#xE9;lix Evaristo Mej&#xED;a</subfield>
  </datafield>
  <datafield tag="910" ind1=" " ind2=" ">
    <subfield code="a">NULL</subfield>
    <subfield code="b">NULL</subfield>
  </datafield>
  <datafield tag="911" ind1=" " ind2=" ">
    <subfield code="a">["1"]</subfield>
  </datafield>
  <datafield tag="912" ind1=" " ind2=" ">
    <subfield code="a">NO APLICA</subfield>
  </datafield>
  <datafield tag="913" ind1=" " ind2=" ">
    <subfield code="a">NULL</subfield>
  </datafield>
  <datafield tag="914" ind1=" " ind2=" ">
    <subfield code="a">02 de Abril de 2012</subfield>
  </datafield>
  <datafield tag="915" ind1=" " ind2=" ">
    <subfield code="a">19/12/19 10:12</subfield>
  </datafield>
  <datafield tag="916" ind1=" " ind2=" ">
    <subfield code="a">NULL</subfield>
  </datafield>
  <datafield tag="917" ind1=" " ind2=" ">
    <subfield code="a">NULL</subfield>
  </datafield>
  <datafield tag="918" ind1=" " ind2=" ">
    <subfield code="a">NO APLICA</subfield>
  </datafield>
  <datafield tag="919" ind1=" " ind2=" ">
    <subfield code="a">["33","123","141","177"]</subfield>
  </datafield>
  <datafield tag="520" ind1=" " ind2=" ">
    <subfield code="a">Los principales prop&#xF3;sitos del estudio consistieron en analizar las diferencias en el estilo de gesti&#xF3;n de los Centros Fe y Alegr&#xED;a, que pudieran explicar las diferencias en el rendimiento acad&#xE9;mico de sus estudiantes con relaci&#xF3;n a los de otros centros con las mismas caracter&#xED;sticas. Tambi&#xE9;n, determinar las principales caracter&#xED;sticas que identifican es estilo de gesti&#xF3;n del centro Inmaculada Fe y Alegr&#xED;a y el Centro profesor Juan Bosch del Distrito 10-06 y, evaluar c&#xF3;mo influye el modelo de gesti&#xF3;n en la participaci&#xF3;n e integraci&#xF3;n de los padres en el centro.La metodolog&#xED;a utilizada fue de tipo no experimental y descriptiva. Se fundament&#xF3; en el m&#xE9;todo inductivo. Las t&#xE9;cnicas utilizadas fueron la encuesta, la entrevista, y el an&#xE1;lisis documental. Se trabaj&#xF3;&#xA0;con la totalidad del personal directivo y docentes de ambos Centros, los cuales cuentan en la Inmaculada Fe y Alegr&#xED;a con 4 personas y el Centro Educativo profesor Juan Bosch tambi&#xE9;n cuenta con 4. As&#xED; mismo, se trabaj&#xF3; con 16 adolescentes del Fe y Alegr&#xED;a y 14 del Centro profesor Juan Bosch.&#xA0;El estudio concluy&#xF3;, que existen diferencias marcadas en el estilo de gesti&#xF3;n de ambos Centros Educativos. Que el grado de participaci&#xF3;n de los actores de la comunidad educativa en la construcci&#xF3;n del mismo fue mayor en el Centro Fe y Alegr&#xED;a que el profesor Juan Bosch y, que el nivel de profesionalizaci&#xF3;n de los docentes y el nivel acad&#xE9;mico de los padres es mayor en el Centro Fe y Alegr&#xED;a. Lo cual es un posible factor que favorece mas la efectividad de la gesti&#xF3;n y por ende el rendimiento. &#xA0; &#xA0;El estudio recomend&#xF3; que la gesti&#xF3;n dise&#xF1;e estrategias, con el objetivo de proporcionar una clara direcci&#xF3;n educativa centrada en lo pedag&#xF3;gico. Y por ende, en el aprendizaje de los estudiantes e impulsar acciones dirigidas a reflexionar con los actores del PEA sobre los resultados de las evaluaciones y de Pruebas Nacionales para el mejoramiento continuo. &#xA0; &#xA0; &#xA0;</subfield>
  </datafield>
  <datafield tag="921" ind1=" " ind2=" ">
    <subfield code="a">16</subfield>
  </datafield>
  <datafield tag="922" ind1=" " ind2=" ">
    <subfield code="a">16</subfield>
  </datafield>
  <datafield tag="923" ind1=" " ind2=" ">
    <subfield code="a">0</subfield>
  </datafield>
  <datafield tag="924" ind1=" " ind2=" ">
    <subfield code="a">NO APLICA</subfield>
  </datafield>
  <datafield tag="942" ind1=" " ind2=" ">
    <subfield code="c">Tesis</subfield>
  </datafield>
  <datafield tag="999" ind1=" " ind2=" ">
    <subfield code="c">174</subfield>
    <subfield code="d">174</subfield>
  </datafield>
</record>
